| 000 | 00550nam a2200193Ia 4500 | ||
|---|---|---|---|
| 003 | OSt | ||
| 005 | 20200930132651.0 | ||
| 008 | 190216s9999||||xx |||||||||||||| ||und|| | ||
| 020 | _a9788120321366 | ||
| 040 | _coclc | ||
| 082 |
_a635 _bACQ/H |
||
| 100 |
_aAcquaah, George _95219 |
||
| 245 | 0 |
_aHorticulture Principles And Practices / _cGeorge Acquaah |
|
| 250 | _a2nd Ed. | ||
| 260 |
_bPrentice Hall Of India Pvt Ltd, _aNew Delhi: _c2002. |
||
| 300 | _a787p | ||
| 650 | _aBotany | ||
| 942 |
_cBK _2ddc _h635 _iACQ/H _k635 _mACQ/H |
||
| 999 |
_c1639 _d1639 |
||